000 01492cam a2200349 i 4500
001 25173
003 Mx-PuUPA
005 20251009111104.0
008 140415s2023 mx a gr 001 0 spa d
020 _a9786076057742
040 _cMx-PuUPA
_aMx-PuUPA
_bspa
_dMx-PuUPA
_erda
041 0 _aspa
043 _an-mx---
100 1 _aCastro Leñero, Francisco,
_d1954-
_917427
_eautor
245 1 0 _aFrancisco Castro Leñero :
_buna lógica de la belleza /
_cFrancisco Castro Leñero ; Alejandra de la Paz, coordinación general ; Instituto Nacional de Bellas Artes, [editor]
264 1 _aCiudad de México :
_bInstituto Nacional de Bellas Artes,
_c2023
300 _a148 páginas :
_bilustraciones (principalmente a color) ;
_c28 cm
336 _2rdacontent
_atexto
_btxt
336 _2rdacontent
_aimagen fija
_bsti
337 _2rdamedia
_asin medio
_bn
338 _2rdacarrier
_avolumen
_bnc
600 1 4 _aCastro Leñero, Francisco,
_d1954-
_vExposiciones
650 7 _2armarc
_aArte Mexicano
_ySiglo XX
_vExposiciones
650 7 _2armarc
_aArtistas
_zMéxico
_ySiglo XX
_vBiografía
650 7 _2armarc
_aPintura abstracta
_zMéxico
_ySiglo XX
_vCatálogo de exposiciones
700 1 _aPaz, Alejandra de la,
_ecoordinador
_917428
710 1 _aInstituto Nacional de Bellas Artes
_eeditor
942 _2ddc
_cLI
_h700.9720904
_iC33
999 _c25173
_d25173